Kontakty literatúry : (modely, identity, reprezentácie) /

Další autoři: Bystrzak, Magdalena, 1986-, Passia, Radoslav, 1977-, Taranenková, Ivana, 1976-
Jazyk: Slovenština
Vydáno: Bratislava : Veda, vydavateľstvo SAV, 2020
Témata:
Fyzický popis: 351 stran : ilustrace (některé barevné), faksimile ; 24 cm
Language note: Anglické resumé
Knihy
Uloženo v:
LEADER 02124nam a2200529 i 4500
001 001793996
003 CZ BrMZK
005 20210914140153.0
007 ta
008 210621s2020 xo ah f 001 0dslo
020 |a 978-80-224-1856-0  |q (vázáno) 
040 |a BOA001  |b cze  |e rda 
041 0 |a slo  |b eng 
043 |a e-xo--- 
045 |a w-x- 
072 7 |a 821.162.4.09  |x Slovenská literatura (o ní)  |2 Konspekt  |9 11 
080 |a 821.162.4  |2 MRF 
080 |a 821.162.4(091)  |2 MRF 
080 |a 82:316.347  |2 MRF 
080 |a 82:316.347  |2 MRF 
080 |a 82:316.7  |2 MRF 
080 |a 82:93/94  |2 MRF 
080 |a (437.6)  |2 MRF 
080 |a (048.8:082)  |2 MRF 
245 0 0 |a Kontakty literatúry :  |b (modely, identity, reprezentácie) /  |c Magdalena Bystrzak, Radoslav Passia, Ivana Taranenková (eds.) 
264 1 |a Bratislava :  |b Veda, vydavateľstvo SAV,  |c 2020 
300 |a 351 stran :  |b ilustrace (některé barevné), faksimile ;  |c 24 cm 
336 |a text  |b txt  |2 rdacontent 
337 |a bez média  |b n  |2 rdamedia 
338 |a svazek  |b nc  |2 rdacarrier 
504 |a Obsahuje bibliografii, bibliografické odkazy a rejstřík 
546 |a Anglické resumé 
648 7 |a 19.-20. století  |7 ch757015 
650 0 7 |a slovenská literatura  |7 ph125661  |y 19.-20. století  |2 czenas 
650 0 7 |a dějiny slovenské literatury  |7 ph516402  |y 19.-20. století  |2 czenas 
650 0 7 |a etnicita v literatuře  |7 ph120008  |y 19.-20. století  |2 czenas 
650 0 7 |a národní identita v literatuře  |7 ph241940  |y 19.-20. století  |2 czenas 
650 0 7 |a literatura a kultura  |7 ph798114  |z Slovensko  |y 19.-20. století  |2 czenas 
650 0 7 |a literatura a dějiny  |7 ph367699  |z Slovensko  |y 19.-20. století  |2 czenas 
655 7 |a kolektivní monografie  |7 fd501537  |2 czenas 
700 1 |a Bystrzak, Magdalena,  |d 1986-  |7 jo2018996384  |4 edt 
700 1 |a Passia, Radoslav,  |d 1977-  |7 mzk2009512842  |4 edt 
700 1 |a Taranenková, Ivana,  |d 1976-  |7 xx0148802  |4 edt 
910 |a BOA001  |b 2-1469.171 
990 |a BK 
991 |b 202109  |c NOV 
996 7 |b 2610871240  |c 2-1469.171  |l Vol.výběr  |r VV 1p  |n 0  |p kupz  |h 821.162.4 BYS  |w 001856989  |u 000010  |a 0  |e BOA001  |j MZK50  |s A